| 000 | 01033nam a22002297a 4500 | ||
|---|---|---|---|
| 003 | BD-DhUL | ||
| 005 | 20190829102757.0 | ||
| 008 | 170620s2018 bg ||||| |||| 00| 0 ben d | ||
| 020 | _a9844080188 | ||
| 040 |
_aBD-DhUL _cBD-DhUL _dBD-DhUL |
||
| 082 |
_a954.92 _bKHB |
||
| 100 | 1 | _aখান, কে. এম. রাইছউদ্দিন। | |
| 245 | 1 | 0 |
_aবাংলাদেশ ইতিহাস পরিক্রমা : _bপ্রাচীন, মধ্য ও আধুনিক যুগ / _cকে. এম. রাইছউদ্দিন খান। |
| 250 | _aপরিমার্জিত ও পরিবর্ধিত পঞ্চদশ | ||
| 260 |
_aঢাকা : _bখান ব্রাদার্স, _c২০১৮। |
||
| 300 |
_a৮৭৯ পৃ. ; _c২২ সেমি.। |
||
| 365 |
_aBDT. _b500.00 |
||
| 504 | _aগ্রন্থপঞ্জি: পৃ. [৮৭৭-৮৭৯] | ||
| 651 | 4 | _aবাংলাদেশ - ইতিহাস | |
| 651 | 4 | _aBangladesh - History | |
| 942 |
_2ddc _cBK |
||
| 999 |
_c249475 _d249475 |
||